LEADER 01041nam a2200253 u 4500 001 000000020716 003 CaOOAMICUS 005 20070226110931.0 008 950411s1957 it u000 u ita u 035 $a10507469 040 $aPUL(R)$bita 245 03$aIl Matrimonio /$cIntroduzione e indici sistematici dei Monaci di Solesmes. 260 $aRoma :$bEd. Paoline,$c1957. 300 $a459, 17, [65] p. ;$c19 cm 490 1 $aInsegnamenti pontifici ;$v1 650 4$aEncicliche.$0(OLS)http://pul/subject/969 650 4$aMatrimonio.$0(OLS)http://pul/subject/1360 710 2 $aBenedettini.$bCongregazione di Francia (Solesmes).$0(OLS)http://pul/name/17965 830 0$aInsegnamenti pontifici ;$v1.$0(OLS)http://pul/title/29121 850 $aPUL 852 $aPUL$W1$xDP1 Fondo Pastorale$y55$mP9 C 17$j29121$nBK-PRI$b $qFondi$B29121$CPULBib$Z2$F29121 $HPUL1583 $81 941 1 $a1 996 $6245$aIl Matrimonio$9(OLS)http://pul/title/29120 996 $6260$aRoma :$bEd. Paoline$9(OLS)http://pul/publisher/48300 LEADER 01020nam a2200253 a 4500 001 000000150574 003 CaOOAMICUS 005 20160317122531.0 008 160317s1970 it u000 u ita r 032 $aLibriCat 040 $aPUL$bita 100 1 $aBalducci, Ernesto,$csac.,$d1922-1992.$0(OLS)http://pul/name/10341 245 13$aLa Chiesa come eucaristia :$bsaggi sulla Chiesa locale /$cErnesto Balducci. 260 $aBrescia :$bQueriniana,$c1970. 300 $a122 p. ;$c24 cm. 490 1 $aTheologia publica ;$v15 650 4$aChiesa$xStudi.$0(OLS)http://pul/subject/38784 830 0$aTheologia publica ;$v15.$0(OLS)http://pul/title/76448 850 $aPUL 852 $aPUL$W1$xDP1 Fondo Bordoni$y120$m3 M 85$j168498$qFondi$B175116$CPULBib$Z2$F175116 $HBor1511 $81 941 1 $a1 996 $6245$aLa Chiesa come eucaristia :$bsaggi sulla Chiesa locale$9(OLS)http://pul/title/189726 996 $6260$aBrescia :$bQueriniana$9(OLS)http://pul/publisher/47906